LEADER 00928nam a2200205 i 4500 001 000000020740 003 CaOOAMICUS 005 20180830125445.0 008 180830s1965 it u000 u ita u 040 $aSeMil$bita 100 1 $aCurtius Rufus, Quintus,$d<2.-3. sec.>.$0(OLS)http://semarc/name/1447 245 10$aStoria di Alessandro Magno :$bre di Macedonia /$cQ. Curzio Rufo ; testo latino, introduzione, versione e note di Giuseppe Baraldi. 260 $aBologna :$bZanichelli,$c1965. 300 $av. ;$c20 cm. 700 1 $aBaraldi, Giuseppe .$0(OLS)http://semarc/name/9282 773 0 $tProsatori di Roma.$dBologna : N. Zanichelli $w()3426 774 0 $tLibri 3.-6.$kProsatori di Roma$w()177707 774 0 $tLibri 7.-10.$kProsatori di Roma$w()177708 996 $6245$aStoria di Alessandro Magno :$bre di Macedonia$9(OLS)http://semarc/title/27361 996 $6260$aBologna :$bZanichelli$9(OLS)http://semarc/publisher/29934 LEADER 01340nam a2200289 i 4500 001 000000073482 003 CaOOAMICUS 005 20090702000000.0 008 090702s1956 be u000 u mul u 013 $a44654 040 $aSeMil$bita 100 1 $aGodefridus : Sancti Victoris Parisiensis .$0(OLS)http://semarc/name/90927 245 10$aFons philosophiae /$cGodefroy de Saint-Victor ; texte publié et annoté par Pierre Michaud-Quantin. 260 $aNamur :$bGodenne,$c1956. 260 $aLille :$bGiard,$c1956. 260 $aLouvain :$bNauwelaerts,$c1956. 300 $a68 p. ;$c25 cm. 490 0 $aAnalecta mediaevalia Namurcensia ;$v8 650 4$aGoffredo : di San Vittore . Fons philosophiae.$0(OLS)http://semarc/subject/14901 700 1 $aMichaud-Quantin, Pierre.$0(OLS)http://semarc/name/16125 830 0$aAnalecta mediaevalia Namurcensia ;$v8.$0(OLS)http://semarc/title/28639 850 $aSeMil 852 $aSeMil$W1$xVenegono$y1$m2Q V 215$j39634$B39634$CSeMilBibl$Z2$F39638 $81 996 $6245$aFons philosophiae$9(OLS)http://semarc/title/118665 996 $6260$aNamur :$bGodenne$9(OLS)http://semarc/publisher/35556 996 $6260$aLouvain :$bNauwelaerts$9(OLS)http://semarc/publisher/29827 996 $6260$aLille :$bGiard$9(OLS)http://semarc/publisher/35557